[Grande enciclopédia portuguesa e brasileira] (Registo nº 568)

Detalhes MARC
000 -Etiqueta do registo
Cabeçalho 00917cam a2200313 4500
005 - Identificador da versão
Campo de controlo 20240822124758.0
010 ## - Número internacional normalizado dos livros (ISBN)
Número (ISBN) 9726250072
021 ## - Número do Depósito Legal
Código do país PT
Número 44580/91
035 ## - Other System Control Numbers
System Control Number 0000591
System Control Number 0000587
System Control Number 0000587
System Control Number 0000577
100 ## - Dados gerais de processamento
Dados gerais de processamento 19910802d1991 m y0pory5003 ba
101 1# - Língua de publicação
Língua do texto, banda sonora, etc. Português
Língua do documento no original Inglês
102 ## - Pais de publicação ou produção
País de publicação Portugal
105 ## - Campo de dados codificados: livros
Dados codificados dos livros a f 001yy
106 ## - Campo de dados codificados: material textual
Dados codificados do material textual r
200 1# - Titulo e menção de responsabilidade
Título próprio [Grande enciclopédia portuguesa e brasileira]
Informação de outro título grande atlas geográfico da Editorial Enciclopédia
Primeira menção de responsabilidade trad. Paulo Picchioci... [et al.]
210 ## - Publicação, Distribuição, etc. 
Lugar da edição, distribuição, etc. [Lisboa]
Nome do editor, distribuidor, etc. Enciclopédia
Data da publicação, distribuição, etc. D.L. 1991
215 ## - Descrição física 
Indicação específica da natureza do documento e extensão da espécie 474 p.
Outras indicações físicas il.
Dimensões 36 cm
225 2# - Colecção 
Título próprio da colecção [Grande enciclopédia universal de atlas]
512 1# - Título da capa
Título da capa Atlas geográfico
517 1# - Outras variantes do título
Variant Title Atlas geográfico de Agostini
675 ## - Classificação Decimal Universal (CDU)
Notação 030
Edição BN
Língua da edição por
Edição BN
Língua da edição por
702 #1 - Nome de autor-pessoa física (responsabilidade secundária)
Número de registo de entrada de autoridade 0000667
Palavra de ordem Picchioci
Outra parte do nome não tomada para palavra de ordem Paulo
Código de função Tradutor
710 02 - Nome de colectividade-autor (responsabilidade principal)
Número de registo de entrada de autoridade 0000668
Palavra de ordem Editorial Enciclopédia
942 ## - Elementos de entrada adicionados (Koha)
Tipo de item no Koha Livro
Exemplares
Situação do levantamento Origin of item (home branch) (coded) Biblioteca de empréstimo Código de barras Circulation type (not for loan) Tipo de documento Nota do exemplar Damaged status
  Biblioteca Escolar Eng. Nuno Mergulhão Biblioteca Escolar Eng. Nuno Mergulhão BENM506   Cativo Sem mensagem